书目信息 |
| 题名: |
倾听人类灵魂的声音
|
|
| 作者: | 屠岸 著 | |
| 分册: | ||
| 出版信息: | 武汉 湖北教育出版社 2002 |
|
| 页数: | 515页 | |
| 开本: | 20cm | |
| 丛书名: | 巴别塔文丛 | |
| 单 册: | ||
| 中图分类: | I106.2 | |
| 科图分类: | ||
| 主题词: | 随笔--作品集--中国--当代 , 诗歌--文学研究--世界 | |
| 电子资源: | ||
| ISBN: | 7-5351-3230-8 | |
| 000 | 00911oam2 2200277 450 | |
| 001 | 020000029944 | |
| 005 | 20051013100439.59 | |
| 010 | @a7-5351-3230-8@dCNY34.50 | |
| 092 | @aCN | |
| 100 | @a20050127d2002 ekmy0chiy0120 ea | |
| 101 | 0 | @achi |
| 102 | @aCN@b420000 | |
| 105 | @ay z 000cy | |
| 200 | 1 | @a倾听人类灵魂的声音@9qing ting ren lei ling hun de sheng yin@f屠岸著@Ftu an zhu |
| 210 | @a武汉@c湖北教育出版社@d2002 | |
| 215 | @a515页@d20cm | |
| 225 | 2 | @a巴别塔文丛@f许钧,唐瑾主编 |
| 330 | @a本书包括“莎士比亚十四行诗的戏剧色彩”、“英国文学中最大的谜:莎士比亚十四行诗”、“声音中的莎士比亚”、“华盛顿的一个傍晚——访赫尔曼·沃克”等文章。 | |
| 410 | 0 | @12001 @a巴别塔文丛 |
| 606 | 0 | @a随笔@j作品集@y中国@z当代 |
| 606 | 0 | @a诗歌@x文学研究@y世界 |
| 690 | @aI106.2@v4 | |
| 701 | 0 | @a屠岸@Atu an@4著 |
| 801 | 0 | @aCN@bTSSF@c20051013 |
| 905 | @a10447@dI106.2@e136 | |
| 999 | @aZXL@eSue | |
| 倾听人类灵魂的声音/屠岸著.-武汉:湖北教育出版社,2002 |
| 515页;20cm.-(巴别塔文丛/许钧,唐瑾主编) |
| ISBN 7-5351-3230-8:CNY34.50 |
| 本书包括“莎士比亚十四行诗的戏剧色彩”、“英国文学中最大的谜:莎士比亚十四行诗”、“声音中的莎士比亚”、“华盛顿的一个傍晚——访赫尔曼·沃克”等文章。 |
| ● |
| 相关链接 |
|
|
|
|
正题名:倾听人类灵魂的声音
索取号:I106.2/136
 
预约/预借
| 序号 | 登录号 | 条形码 | 馆藏地/架位号 | 状态 | 备注 |
| 1 | 0365601 | 3656010 | 第一样本阅览室/ [索取号:I106.2/136] | 在馆 | |
| 2 | 0365602 | 3656029 | 第二借阅区/ [索取号:I106.2/136] | 在馆 | |
| 3 | 0365603 | 3656038 | 第二借阅区/ [索取号:I106.2/136] | 在馆 | |
| 4 | 0365604 | 3656047 | 第二借阅区/ [索取号:I106.2/136] | 在馆 | |
| 5 | 0365605 | 3656056 | 第二借阅区/ [索取号:I106.2/136] | 在馆 |